TNA / Impact Wrestling - AJ Styles' PPV Opponents - Statistics

General Stats
  • This quiz has been taken 255 times
  • The average score is 128 of 179
Answer Stats
Year Event Match Type Answer % Correct
2007 Lockdown 5 vs. 5 Lethal Lockdown Match Kurt Angle
96%
2007 Slammiversary King of the Mountain Match Kurt Angle
96%
2008 Slammiversary Kurt Angle
96%
2008 Victory Road 6-Man Tag Team Full Metal Mayhem Match Kurt Angle
96%
2008 Hard Justice Last Man Standing Match Kurt Angle
96%
2009 Lockdown 4 vs. 4 Lethal Lockdown Match Kurt Angle
96%
2009 Slammiversary King of the Mountain Match Kurt Angle
96%
2009 No Surrender 5-Way Match Kurt Angle
96%
2010 Genesis Kurt Angle
96%
2012 Sacrifice Kurt Angle
96%
2012 Hardcore Justice 4-Way Ladder Match Kurt Angle
96%
2013 Slammiversary Kurt Angle
96%
2005 Sacrifice Super X Cup Tournament Final Samoa Joe
96%
2005 Unbreakable Triple Threat Match Samoa Joe
96%
2005 Turning Point Samoa Joe
96%
2006 Against All Odds Triple Threat Match Samoa Joe
96%
2006 Destination X 3-Way Ultimate X Match Samoa Joe
96%
2007 Lockdown 5 vs. 5 Lethal Lockdown Match Samoa Joe
96%
2007 Sacrifice Samoa Joe
96%
2007 Slammiversary King of the Mountain Match Samoa Joe
96%
2007 Turning Point 6-Man Tag Team Match Samoa Joe
96%
2008 Final Resolution Tag Team Match Samoa Joe
96%
2008 Destination X 6-Man Tag Team Match Samoa Joe
96%
2009 Slammiversary King of the Mountain Match Samoa Joe
96%
2009 Turning Point Triple Threat Match Samoa Joe
96%
2010 Against All Odds Samoa Joe
96%
2010 Victory Road Tag Team Match Samoa Joe
96%
2012 Hardcore Justice 4-Way Ladder Match Samoa Joe
96%
2005 Against All Odds 30-Minute Iron Man Match Christopher Daniels
91%
2005 Destination X 4-Way Ultimate X Match Christopher Daniels
91%
2005 Unbreakable Triple Threat Match Christopher Daniels
91%
2005 Bound for Glory 30-Minute Iron Man Match Christopher Daniels
91%
2006 Against All Odds Triple Threat Match Christopher Daniels
91%
2006 Destination X 3-Way Ultimate X Match Christopher Daniels
91%
2009 Turning Point Triple Threat Match Christopher Daniels
91%
2009 Final Resolution Christopher Daniels
91%
2011 Destination X Christopher Daniels
91%
2011 Bound for Glory "I Quit" Match Christopher Daniels
91%
2012 Victory Road Tag Team Match Christopher Daniels
91%
2012 Lockdown 5 vs. 5 Lethal Lockdown Match Christopher Daniels
91%
2012 Slammiversary Tag Team Match Christopher Daniels
91%
2012 Destination X Last Man Standing Match Christopher Daniels
91%
2012 Hardcore Justice 4-Way Ladder Match Christopher Daniels
91%
2012 No Surrender Tag Team Match Christopher Daniels
91%
2012 Bound for Glory 3-Team Match Christopher Daniels
91%
2012 Final Resolution Christopher Daniels
91%
2004 Turning Point 6-Man Tag Team Match Jeff Jarrett
91%
2005 Hard Justice Jeff Jarrett
91%
2006 Lockdown 4 vs. 4 Lethal Lockdown Match Jeff Jarrett
91%
2007 Lockdown 5 vs. 5 Lethal Lockdown Match Jeff Jarrett
91%
2009 Slammiversary King of the Mountain Match Jeff Jarrett
91%
2008 Final Resolution 8-Man Tag for the Title Match Sting
91%
2007 Lockdown 5 vs. 5 Lethal Lockdown Match Sting
90%
2007 Victory Road Tag Team Match Sting
90%
2007 Hard Justice 6-Man Tag Team Doomsday Chamber of Blood Match Sting
90%
2008 Lockdown 5 vs. 5 Lethal Lockdown Match Sting
90%
2008 Turning Point Sting
90%
2009 No Surrender 5-Way Match Sting
90%
2009 Bound for Glory Sting
90%
2011 Victory Road Matt Hardy
86%
2005 Lockdown Abyss
83%
2005 Slammiversary King of the Mountain Match Abyss
83%
2007 Victory Road Tag Team Match Abyss
83%
2007 Hard Justice 6-Man Tag Team Doomsday Chamber of Blood Match Abyss
83%
2010 Destination X Abyss
83%
2011 Hardcore Justice 6-Man Tag Team Match Abyss
83%
2011 Turning Point Bobby Roode
83%
2011 Final Resolution 30-Minute Iron Man Match Bobby Roode
83%
2012 Turning Point Triple Threat Match Bobby Roode
83%
2006 Lockdown 4 vs. 4 Lethal Lockdown Match James Storm
81%
2006 Sacrifice Tag Team Match James Storm
81%
2006 Slammiversary Tag Team Match James Storm
81%
2006 Victory Road 6-Person Mixed Tag Team Match James Storm
81%
2006 Genesis Christian Cage
80%
2007 Slammiversary King of the Mountain Match Christian Cage
80%
2008 Destination X 6-Man Tag Team Match Christian Cage
80%
2008 Lockdown 5 vs. 5 Lethal Lockdown Match Christian Cage
80%
2008 Bound for Glory Triple Threat Match Christian Cage
80%
2008 Victory Road 6-Man Tag Team Full Metal Mayhem Match Brother Ray
79%
2011 Slammiversary Last Man Standing Match Bully Ray
79%
2012 Lockdown 5 vs. 5 Lethal Lockdown Match Bully Ray
79%
2013 Bound for Glory Bully Ray
79%
2012 Turning Point Triple Threat Match James Storm
79%
2004 Turning Point 6-Man Tag Team Match Kevin Nash
79%
2007 Turning Point 6-Man Tag Team Match Kevin Nash
79%
2008 Final Resolution Tag Team Match Kevin Nash
79%
2008 Destination X 6-Man Tag Team Match Kevin Nash
79%
2008 Lockdown 5 vs. 5 Lethal Lockdown Match Kevin Nash
79%
2008 Final Resolution 8-Man Tag for the Title Match Kevin Nash
79%
2009 Lockdown 4 vs. 4 Lethal Lockdown Match Kevin Nash
79%
2009 Victory Road Kevin Nash
79%
2005 Final Resolution 3-Way Ultimate X Match Chris Sabin
74%
2006 Turning Point Rhino
71%
2007 Final Resolution Last Man Standing Match Rhino
71%
2007 Against All Odds Motor City Chain Match Rhino
71%
2007 Destination X Elevation X Match Rhino
71%
2007 Lockdown 5 vs. 5 Lethal Lockdown Match Rhino
71%
2008 Lockdown 5 vs. 5 Lethal Lockdown Match Rhino
71%
2010 Bound for Glory 5 vs. 5 Lethal Lockdown Match Rhino
71%
2010 Turning Point 10-Man Tag Team Match Rhino
71%
2012 Against All Odds Kazarian
70%
2012 Victory Road Tag Team Match Kazarian
70%
2012 Lockdown 5 vs. 5 Lethal Lockdown Match Kazarian
70%
2012 Slammiversary Tag Team Match Kazarian
70%
2012 No Surrender Tag Team Match Kazarian
70%
2012 Bound for Glory 3-Team Match Kazarian
70%
2010 Sacrifice Rob Van Dam
69%
2004 Turning Point 6-Man Tag Team Match Scott Hall
69%
2008 Final Resolution 8-Man Tag for the Title Match Scott Steiner
68%
2009 Genesis 6-Man Hardcore Tag Team Match Scott Steiner
68%
2009 Lockdown 4 vs. 4 Lethal Lockdown Match Scott Steiner
68%
2008 Victory Road 6-Man Tag Team Full Metal Mayhem Match Brother Devon
67%
2006 Lockdown 4 vs. 4 Lethal Lockdown Match Scott Steiner
67%
2007 Genesis Tag Team Match Scott Steiner
67%
2011 Hardcore Justice 6-Man Tag Team Match Scott Steiner
67%
2008 Bound for Glory Triple Threat Match Booker T
66%
2008 Final Resolution 8-Man Tag for the Title Match Booker T
66%
2009 Genesis 6-Man Hardcore Tag Team Match Booker T
66%
2009 Destination X Booker T
66%
2009 Lockdown 4 vs. 4 Lethal Lockdown Match Booker T
66%
2009 Sacrifice "I Quit" Match Booker T
66%
2005 Slammiversary King of the Mountain Match Raven
64%
2010 Bound for Glory 5 vs. 5 Lethal Lockdown Match Raven
64%
2010 Turning Point 10-Man Tag Team Match Raven
64%
2007 Genesis Tag Team Match Rick Steiner
63%
2006 Lockdown 4 vs. 4 Lethal Lockdown Match Chris Harris
61%
2006 Sacrifice Tag Team Match Chris Harris
61%
2006 Slammiversary Tag Team Match Chris Harris
61%
2006 Victory Road 6-Person Mixed Tag Team Match Chris Harris
61%
2006 Hard Justice Tag Team Match Homicide
60%
2006 No Surrender Ultimate X Tag Team Match Homicide
60%
2006 Bound for Glory Steel Cage Tag Team Match Homicide
60%
2008 Sacrifice Deuces Wild Tournament Semi-Final Tag Team Match Homicide
60%
2007 Turning Point 6-Man Tag Team Match Eric Young
59%
2005 Destination X 4-Way Ultimate X Match Ron Killings
59%
2007 Bound for Glory Tag Team Match Ron Killings
59%
2007 Slammiversary King of the Mountain Match Chris Harris
58%
2006 Hard Justice Tag Team Match Hernandez
57%
2006 No Surrender Ultimate X Tag Team Match Hernandez
57%
2006 Bound for Glory Steel Cage Tag Team Match Hernandez
57%
2008 Sacrifice Deuces Wild Tournament Semi-Final Tag Team Match Hernandez
57%
2004 Victory Road Petey Williams
57%
2005 Final Resolution 3-Way Ultimate X Match Petey Williams
57%
2005 Genesis Petey Williams
57%
2010 Slammiversary Jay Lethal
56%
2005 Slammiversary King of the Mountain Match Monty Brown
55%
2009 Slammiversary King of the Mountain Match Mick Foley
54%
2009 No Surrender 5-Way Match Hernandez
50%
2012 Bound for Glory 3-Team Match Hernandez
50%
2010 Final Resolution Douglas Williams
49%
2008 Lockdown 5 vs. 5 Lethal Lockdown Match Matt Morgan
49%
2009 No Surrender 5-Way Match Matt Morgan
49%
2010 Bound for Glory 5 vs. 5 Lethal Lockdown Match Sabu
43%
2010 Turning Point 10-Man Tag Team Match Sabu
43%
2007 Bound for Glory Tag Team Match Consequences Creed
41%
2005 Destination X 4-Way Ultimate X Match Elix Skipper
41%
2009 Genesis 6-Man Hardcore Tag Team Match Kip James
41%
2008 Against All Odds Tag Team Match BG James
40%
2008 Sacrifice Deuces Wild Tournament Quarterfinal Tag Team Match BG James
40%
2010 No Surrender "I Quit" Match Tommy Dreamer
40%
2010 Bound for Glory 5 vs. 5 Lethal Lockdown Match Tommy Dreamer
40%
2011 Sacrifice No DQ Match Tommy Dreamer
40%
2005 Slammiversary King of the Mountain Match Sean Waltman
39%
2005 No Surrender Sean Waltman
39%
2012 Bound for Glory 3-Team Match Chavo Guerrero
31%
2010 Lockdown D'Angelo Dinero
28%
2012 Lockdown 5 vs. 5 Lethal Lockdown Match Eric Bischoff
28%
2006 Victory Road 6-Person Mixed Tag Team Match Gail Kim
28%
2010 Bound for Glory 5 vs. 5 Lethal Lockdown Match Stevie Richards
28%
2010 Turning Point 10-Man Tag Team Match Stevie Richards
28%
2006 Final Resolution International Dream Match Hiroshi Tanahashi
26%
2011 Hardcore Justice 6-Man Tag Team Match Gunner
25%
2012 Lockdown 5 vs. 5 Lethal Lockdown Match Gunner
24%
2007 Hard Justice 6-Man Tag Team Doomsday Chamber of Blood Match Andrew Martin
21%
2010 Turning Point 10-Man Tag Team Match Brian Kendrick
17%
2010 Victory Road Tag Team Match Rob Terry
17%
2008 No Surrender 3-Round MMA Rules Match Frank Trigg
14%
2008 Against All Odds Tag Team Match Bob Armstrong
12%
2008 Sacrifice Deuces Wild Tournament Quarterfinal Tag Team Match Awesome Kong
11%
No matching quizzes found
Score Distribution
Percent of People with Each Score
Percentile by Number Answered
Your Score History
You have not taken this quiz